|
|
|
|
| LEADER |
00000nam0a2200000 4500 |
| 001 |
364415 |
| 005 |
20231102011703.0 |
| 035 |
|
|
|a (RuTPU)RU\TPU\retro\21773
|
| 090 |
|
|
|a 364415
|
| 100 |
|
|
|a 20211115d1981 km y0rusy50 ca
|
| 101 |
0 |
|
|a rus
|
| 102 |
|
|
|a RU
|
| 105 |
|
|
|a a z 001zy
|
| 200 |
1 |
|
|a Палеогеографический прогноз нефтегазоносносности
|f Н. И. Марковский
|
| 210 |
|
|
|a Москва
|c Недра
|d 1981
|
| 215 |
|
|
|a 224 с.
|c ил.
|
| 300 |
|
|
|a Авт. указ. на обороте тит. л.
|
| 320 |
|
|
|a Библиогр.: с. 219-222
|
| 606 |
1 |
|
|a Нефтегазовые месторождения
|x Геология
|2 stltpush
|3 (RuTPU)RU\TPU\subj\68603
|9 83810
|
| 610 |
1 |
|
|a палеогеография
|
| 610 |
1 |
|
|a прогнозы
|
| 610 |
1 |
|
|a палеотектоника
|
| 610 |
1 |
|
|a ландшафты
|
| 610 |
1 |
|
|a природные резервуары
|
| 610 |
1 |
|
|a продуктивные толщи
|
| 675 |
|
|
|a 553.98
|v 4
|
| 700 |
|
1 |
|a Марковский
|b Н. И.
|g Николай Иосифович
|
| 801 |
|
1 |
|a RU
|b 63413507
|c 20211115
|
| 942 |
|
|
|c BK
|